Catholic University of Zimbabwe Library
Online Public Access Catalogue
(OPAC)

New perspectives in international business research (Record no. 31535)

MARC details
000 -LEADER
fixed length control field 04450cam a2200457Ma 4500
001 - CONTROL NUMBER
control field ocn503447604
003 - CONTROL NUMBER IDENTIFIER
control field OCoLC
005 - DATE AND TIME OF LATEST TRANSACTION
control field 20210303085313.0
006 - FIXED-LENGTH DATA ELEMENTS--ADDITIONAL MATERIAL CHARACTERISTICS
fixed length control field m d
007 - PHYSICAL DESCRIPTION FIXED FIELD--GENERAL INFORMATION
fixed length control field cr un|||||||||
008 - FIXED-LENGTH DATA ELEMENTS--GENERAL INFORMATION
fixed length control field 081111s2008 enka ob 000 0 eng d
020 ## - INTERNATIONAL STANDARD BOOK NUMBER
International Standard Book Number 9781848552791 (electronic bk.) :
Terms of availability £69.95 ; € 105.95 ; $134.95
020 ## - INTERNATIONAL STANDARD BOOK NUMBER
International Standard Book Number 1848552793 (electronic bk.) :
Terms of availability £69.95 ; € 105.95 ; $134.95
020 ## - INTERNATIONAL STANDARD BOOK NUMBER
Canceled/invalid ISBN 9781848552784 (hbk.)
040 ## - CATALOGING SOURCE
Original cataloging agency MEAUC
Language of cataloging eng
Transcribing agency MEAUC
Modifying agency OCLCQ
-- ZJC
050 14 - LIBRARY OF CONGRESS CALL NUMBER
Classification number HD30.4
Item number .N48 2008
072 #7 - SUBJECT CATEGORY CODE
Subject category code KJK
Source bicssc
072 #7 - SUBJECT CATEGORY CODE
Subject category code BUS035000
Source bisacsh
072 #7 - SUBJECT CATEGORY CODE
Subject category code BUS041000
Source bisacsh
080 ## - UNIVERSAL DECIMAL CLASSIFICATION NUMBER
Universal Decimal Classification number 658
082 04 - DEWEY DECIMAL CLASSIFICATION NUMBER
Classification number 658/.049
Edition number 22
245 00 - TITLE STATEMENT
Title New perspectives in international business research
Medium [electronic resource] /
Statement of responsibility, etc. edited by Maryann P. Feldman, Grazia D. Santangelo.
260 ## - PUBLICATION, DISTRIBUTION, ETC.
Place of publication, distribution, etc. Bingley, UK :
Name of publisher, distributor, etc. JAI Press,
Date of publication, distribution, etc. 2008.
300 ## - PHYSICAL DESCRIPTION
Extent 1 online resource (xi, 314 p.) :
Other physical details ill.
490 0# - SERIES STATEMENT
Series statement Progress in international business research,
International Standard Serial Number 1745-8862 ;
Volume/sequential designation v. 3
504 ## - BIBLIOGRAPHY, ETC. NOTE
Bibliography, etc. note Includes bibliographical references.
505 0# - FORMATTED CONTENTS NOTE
Formatted contents note New perspectives in IB research: culture, governance, entrepreneurship and international expansion / Maryann Feldman, Grazia D. Santangelo -- Headquarters-subsidiary relationships and the country-of-origin effect / Anne-Wil Harzing, Niels Noorderhaven -- An exploratory study of culture distance and perceptions of relational risk / Susana Costa e Silva, Luciara Nardon -- Drivers of interpersonal and inter-unit trust in multinational corporations / Kristiina Ma<U+00cc>˜kela<U+00cc>˜, Wilhelm Barner-Rasmussen, Ingmar Bjo<U+00cc>˜rkman -- Normative control in MNC / Susanne Blazejewski -- Exploring the antecedents of relationship commitment in an import-export dyad / Diana Weinberg, Abraham Carmeli -- Constructing jurisdictional advantage / Maryann Feldman, Roger Martin -- Comparative international entrepreneurship: the software industry in the Indian sub-continent / Shameen Prashantham, Amer Qureshi, Stephen Young -- Reinterpreting a 'prime example' of a born global: Cochlear's international launch / Lisa Hewerdine, Catherine Welch -- Myths in microfinance / Roy Mersland, R. ©<U+0098>ystein Str©?m -- R&D and foreign direct investment with asymmetries in knowledge transmission / Maria Luisa Petit, Francesca Sanna-Randaccio, Roberta Sestini -- FDI and spillovers in the Swiss manufacturing industry: interaction effects between spillover mechanisms and domestic absorptive capacities / Lamina Ben Hamida, Philippe Gugler -- Market and technology access through firm acquisitions: beyond one size fits all / Christoph Grimpe, Katrin Hussinger.
520 ## - SUMMARY, ETC.
Summary, etc. This volume of "Progress in International Business Research" proposes new perspectives in IB research by addressing a number of critical issues which criss-cross the fields of International Business and International Management. More specifically, the topics dealt with in the volume feature in four discreet sections. The contributions in the first part concern the management of cultural distance across countries. In the second part, internal and external solutions to corporate governance problems are proposed, making use of the concept of 'jurisdictional advantage'. The third part focuses on the genesis and development of international entrepreneurs. The last part of the volume discusses the nature and impact of technology and of international expansion.The volume intends to provide fresh new insights in the field of IB research, insights which will interest business and management scholars, senior executives and policy-makers, and all those interested in the relationship and combination of corporate competitive advantage with jurisdictional advantage.
588 ## - SOURCE OF DESCRIPTION NOTE
Source of description note Description based on print version record.
650 #0 - SUBJECT ADDED ENTRY--TOPICAL TERM
Topical term or geographic name entry element Business
General subdivision Research.
650 #0 - SUBJECT ADDED ENTRY--TOPICAL TERM
Topical term or geographic name entry element International business enterprises
General subdivision Management.
650 #7 - SUBJECT ADDED ENTRY--TOPICAL TERM
Topical term or geographic name entry element International business.
Source of heading or term bicssc
650 #7 - SUBJECT ADDED ENTRY--TOPICAL TERM
Topical term or geographic name entry element Business & Economics
General subdivision International
-- General.
Source of heading or term bisacsh
650 #7 - SUBJECT ADDED ENTRY--TOPICAL TERM
Topical term or geographic name entry element Business & Economics
General subdivision Management.
Source of heading or term bisacsh
700 1# - ADDED ENTRY--PERSONAL NAME
Personal name Feldman, Maryann P.
700 1# - ADDED ENTRY--PERSONAL NAME
Personal name Santangelo, Grazia D.,
Dates associated with a name 1973-
710 2# - ADDED ENTRY--CORPORATE NAME
Corporate name or jurisdiction name as entry element European International Business Association.
776 08 - ADDITIONAL PHYSICAL FORM ENTRY
Relationship information Print version:
Title New perspectives in international business research.
Place, publisher, and date of publication Bingley : JAI Press, 2008
International Standard Book Number 9781848552784
Record control number (OCoLC)276223151
856 40 - ELECTRONIC LOCATION AND ACCESS
Uniform Resource Identifier <a href="https://www.emerald.com/insight/publication/doi/10.1016/S1745-8862(2008)3">https://www.emerald.com/insight/publication/doi/10.1016/S1745-8862(2008)3</a>
913 ## -
-- BMEbacklist
Holdings
Withdrawn status Lost status Source of classification or shelving scheme Damaged status Not for loan Home library Current library Shelving location Date acquired Total Checkouts Full call number Date last seen Uniform Resource Identifier Price effective from Koha item type
          Digital Library Digital Library Online Access 03.03.2021   HD30.4 .N48 2008 03.03.2021 https://www.emerald.com/insight/publication/doi/10.1016/S1745-8862(2008)3 03.03.2021 eBook

OPENING HOURS

Weekdays: 0815hrs - 1800hrs
Weekends:0900hrs - 1200hrs

Closed for Mass:

Mon, Thur: 1200hrs - 1300hrs
Sunday & Public Holiday’s

CALL SUPPORT

0242-570570, 0242-570169
09200664, +263 8644140602

LOCATION

18443, Cranborne Avenue, Hatfield, Harare

Other Links


©2021 | CUZ Library